000 00568nam a22002177a 4500
003 UA-OsUOA
001 101450
007 ta
008 20130617b un ||||| |||| 00| 0 ukr d
100 _aДриккер А.С.
090 _a101
_bД74
942 _cSA
040 _aUA-OsUOA
_brus
_cUA-OsUOA
_dUA-OsUOA
245 _aИнформационная матрица социокультурной революции
300 _aС.32-48
955 _a0
041 _arus
080 _a101
773 0 _w101448
650 7 _a1 Філософські науки
_2UDC
999 _c388087
_d388087